Responses for show #6462 - Tuesday, October 23, 2012

Contestants

Martin Powell, a chemical engineer from Bowie, Maryland

Susan Petracco, an e-commerce consultant from Viera, Florida

Betsy Chisolm, a volunteer storyteller from Greeley, Colorado (whose 1-day cash winnings total $5,199)

Jeopardy! Round responses

THE ENGLISH BEAT
LITERARY HOUSES
SEND ME A TEXT
THE HUDSON RIVER
SHRINK RAP
(Alex: And then, in honor of the James Beard Foundation...)
BEARD AWARD-WINNING CHEFS
    $200 11
Charlie Watts

Betsy
    $200 1
Tara

Martin
    $200 7
my lips

Susan
    $200 6
Rip Van Winkle

Susan
    $200 21
bonding

Betsy
    $200 20
Top Chef

Susan
    $400 12
Elvis Costello

Betsy
    $400 2
Rebecca

Betsy
    $400 8
a plan

Betsy
    $400 16
(Martin: What is Attica?)
(Susan: What is Leavenworth?)

Sing Sing

BetsySusanMartin
    $400 22
primal

Betsy
    $400 27
(Wolfgang) Puck

Betsy
    $600 13
The Clash

Betsy
    $600 3
Wuthering Heights

Betsy
    $600 9
time & money

Susan
    $600 17
Eleanor Roosevelt

Martin
    $600 23
an episode

Susan
    $600 28
(Martin: What is, uh, the stomach?)

the tongue

BetsyMartin
    $800 14
The Kinks

Betsy
    $800 4
Thornfield Hall

Triple Stumper
    $800 10
jumping in

Triple Stumper
    $800 18
the Rhine

Martin
    $800 24
Angst

Betsy
    $800 29
(Betsy: What is Krispy Kreme?)

KFC

Betsy
Triple Stumper
    $1000 15
[Alex stated the name of the band as "The [*]", and corrected it after the break to simply [*].]

Muse

Triple Stumper
    $1000 5
Sand & Fog

Betsy
    $1000 26
out of office

Betsy
    $1,200 19
(Martin: Who is da Gama?)
(Alex: No, who is [*]--and there's a bridge named for him.)
(Martin: Right.)

Verrazano

Martin
    $1000 25
the ego

Betsy
    $1000 30
Alice Waters

Betsy

Scores at the first commercial break (after clue 15):

Betsy Susan Martin
$4,400 $1,000 $200

Scores at the end of the Jeopardy! Round:

Betsy Susan Martin
$9,400 $1,400 -$600

Double Jeopardy! Round responses

THE ENGLISH BEAT
(Alex: But this'll be a little different than the one we had in the first round.)
TRUNK SHOW
INKS & DYES
WHO "R-U"?
(Alex: Those two letters will begin each correct response.)
THE DREADED OPERA CATEGORY
WORDS IN U.S. CAPITALS
(Alex: The correct response will be a word that is found in one of our U.S. capitals, in order.)
    $400 16
Washington

Susan
    $400 21
Gutenberg

Betsy
    $400 11
(Martin: What is a [*]'s cube?)

Rubik

Martin
    $400 1
Wagner

Martin
    $400 6
arson (in Carson City)

Susan
    $800 17
(Martin: Uhh... the Royal Air Force?)

the Luftwaffe

BetsyMartin
    $800 28
[The end-of-round signal sounds.]

Babar

Betsy
    $800 22
(Susan: What is an octopus?)

a snail

BetsySusan
    $800 12
RuPaul

Martin
    $800 2
Pagliacci

Betsy
    $800 7
gust (in Augusta)

Susan
    $2,000 18
(Betsy: Who is Henry IV?)

Henry V

Betsy
    $1200 27
Horton Hears a Who!

Martin
    $1200 23
(Alex: Good. With less than a minute to go.)

yellow

Martin
    $1200 13
Salman Rushdie

Betsy
    $1200 3
Covent Garden

Betsy
    $1200 8
ramen (in Sacramento)

Triple Stumper
    $1600 19
Scotland

Betsy
    $1600 26
(Susan: [No response])

Water for Elephants

BetsySusan
    $1600 14
Wilma Rudolph

Martin
    $1600 4
(Jean) Sibelius

Martin
    $1600 9
ash (in Nashville)

Susan
    $2000 20
Napoleon

Betsy
    $2000 25
"An Elephant Fly"

Susan
    $2000 24
Rit

Susan
    $2000 15
Ann Rutledge

Triple Stumper
    $2000 5
Naughty Marietta

Triple Stumper
    $3,000 10
Ovid (in Providence)

Susan

Scores at the end of the Double Jeopardy! Round:

Betsy Susan Martin
$18,600 $9,200 $5,800
(lock game)

[wagering suggestions for these scores]

Final Jeopardy! Round responses

CHILDREN'S RHYMES
(Alex: If you don't know the meaning of the word "alopecia", you are in deep trouble on this clue.)
...
(Alex: [To Betsy] Alopecia--a loss of hair. [*] was a bear / [*] had no hair / [*]...)
(Betsy: ...wasn't fuzzy, was he?)
MartinWho is
$3,400
SusanWho is Jack Sprat?
$2,401
BetsyWho is Fuzzy Wuzzy?
$2,200
Fuzzy Wuzzy

Final scores:

Betsy Susan Martin
$20,800 $6,799 $2,400
2-day champion: $25,999 2nd place: $2,000 3rd place: $1,000

Game dynamics:

Coryat scores:

Betsy Susan Martin
$20,600 $8,200 $7,000
27 R,
2 W
(including 1 DD)
12 R
(including 1 DD),
3 W
10 R,
4 W
(including 1 DD)

Combined Coryat: $35,800

The J! Archive is created by fans, for fans. The Jeopardy! game show and all elements thereof, including but not limited to copyright and trademark thereto, are the property of Jeopardy Productions, Inc. and are protected under law. This website is not affiliated with, sponsored by, or operated by Jeopardy Productions, Inc. Join the discussion at JBoard.tv.